000
00338nam a2200145Ia 4500
008
150301s2014 xx 000 0 und d
082
_a
610.7
_b
G14L
100
_a
LADWING, GAIL B.
245
_a
GUIDE TO NURSING DIAGNOSIS
250
_a
4TH
260
_b
ELSEVER
_c
2014
300
_a
887
650
_a
NURSING DIAGNOSIS
942
_2
ddc
_c
BK
999
_c
6853
_d
6853